[Event "Challenge"]
[Site "http://www.queenalice.com/game.php?id=364368"]
[Date "2008.3.2"]
[Round "-"]
[White "akenathon"]
[Black "Typhoon"]
[Result "0-1"]
[WhiteElo "1419"]
[BlackElo "1437"]

1. e3 e5 2. d4 d5 3. f4 e4 4. b3 Nc6 5. c4 Nf6 6. cxd5 Nxd5 7. Qd2 Bb4 8. Qxb4
Ncxb4 9. Kd1 Nd3 10. Nh3 Bxh3 11. gxh3 Nf2+ 12. Ke2 Nxh1 13. Bg2 Qh4 14. Bxh1 f5
15. Bd2 Qxh3 16. Nc3 Qxh2+ 0-1

[Event "akenathon7"]
[Site "http://www.queenalice.com/game.php?id=369465"]
[Date "2008.3.11"]
[Round "-"]
[White "vicooooor"]
[Black "akenathon"]
[Result "1-0"]
[WhiteElo "1316"]
[BlackElo "1408"]

1. b3 e6 2. c3 c5 3. e3 d5 4. Nh3 c4 5. bxc4 dxc4 6. Bxc4 Qc7 7. O-O a6 8. f3 b5
9. Bb3 f5 10. Na3 Bd6 11. Rb1 a5 12. g3 b4 13. Nb5 a4 14. Bc4 Qxc4 15. Nxd6+ Ke7
16. Nxc4 Nf6 17. cxb4 1-0

[Event "Challenge"]
[Site "http://www.queenalice.com/game.php?id=427636"]
[Date "2008.7.4"]
[Round "-"]
[White "akenathon"]
[Black "Philomais"]
[Result "0-1"]
[WhiteElo "1416"]
[BlackElo "1323"]

1. e4 e5 2. c3 f6 3. d4 d5 4. f3 c6 5. b3 Na6 6. c4 exd4 7. Qxd4 Bc5 8. Qd2 Qb6
9. cxd5 Bxg1 10. Nc3 Bd4 11. Na4 Qb4 12. Bb2 Be5 13. Bxa6 Qxd2+ 14. Kxd2 bxa6
15. Rac1 Bf4+ 16. Kc2 cxd5 17. Rcd1 dxe4 18. g3 Be3 19. Rde1 Bf2 20. Rxe4+ Ne7
21. Re2 Bf5+ 22. Kc3 Rc8+ 23. Kd2 Rc2+ 24. Kd1 O-O 25. Rxc2 Bxc2+ 26. Kxc2 Rc8+
27. Bc3 Nd5 28. Rd1 Ne3+ 29. Kd2 Nxd1 30. Kxd1 Bg1 31. h4 Bf2 32. Kd2 Bxg3 33.
h5 Bf4+ 34. Kc2 Be5 35. b4 g6 36. Nc5 gxh5 37. Ne4 f5 38. Nc5 a5 39. Nd3 Rxc3+
40. Kd2 Bd4 41. bxa5 Ra3 42. Nb4 Rxa5 43. Kd1 h4 44. Nc6 Ra4 45. Kd2 h3 46. Kd3
h2 47. Ne7+ Kf7 48. Nxf5 h1=Q 0-1

[Event "Challenge"]
[Site "http://www.queenalice.com/game.php?id=427639"]
[Date "2008.7.4"]
[Round "-"]
[White "Philomais"]
[Black "akenathon"]
[Result "1-0"]
[WhiteElo "1319"]
[BlackElo "1366"]

1. e4 e6 2. d4 d5 3. f3 f5 4. c3 fxe4 5. fxe4 dxe4 6. Nh3 b6 7. Qe2 Bb7 8. Ng5
Qe7 9. Nxe4 Qh4+ 10. Nf2 c5 11. dxc5 bxc5 12. g3 Qf6 13. Rg1 Bf3 14. Qb5+ Nd7
15. Be2 Rb8 16. Qa6 Bh5 17. Bxh5+ Kd8 18. Qxa7 Qe5+ 19. Kd2 Qxh5 20. Kc2 h6 21.
Rd1 Qf5+ 22. Rd3 Qxf2+ 23. Bd2 Nf6 24. h4 Kc8 25. Na3 g5 26. Re1 Nb6 27. Rxe6
Rh7 28. Rc6+ Rc7 29. Qxc7# 1-0

[Event "Challenge"]
[Site "http://www.queenalice.com/game.php?id=428501"]
[Date "2008.7.6"]
[Round "-"]
[White "akenathon"]
[Black "Gansothedark"]
[Result "1-0"]
[WhiteElo "1399"]
[BlackElo "1471"]

1. e3 d5 2. d3 Nf6 3. f3 e5 4. e4 d4 5. c3 Nc6 6. g3 Bc5 7. c4 a6 8. a3 O-O 9.
b4 Bd6 10. Nh3 a5 11. c5 Be7 12. b5 Nb8 13. f4 exf4 14. Nxf4 Bxc5 15. Ne2 Bg4
16. h3 Bf3 17. Rh2 Nbd7 18. g4 Ne5 19. Bf4 c6 20. Bxe5 cxb5 21. Kf2 Bxe2 22.
Kxe2 b4 23. axb4 axb4 24. Rxa8 Qxa8 25. Nd2 Qa2 26. g5 Ne8 27. Qb3 Qxb3 28. Nxb3
b6 29. Nxc5 bxc5 30. Rh1 b3 31. Bg2 f6 32. Bf4 fxg5 33. Bxg5 Nf6 34. Bxf6 Rxf6
35. h4 b2 36. Rb1 Rb6 37. e5 c4 38. Bd5+ Kh8 39. Bxc4 h6 40. e6 Rb8 41. e7 Re8
42. Rxb2 Rxe7+ 43. Kd2 g5 44. Rb8+ Kh7 45. hxg5 hxg5 46. Rd8 g4 47. Rxd4 g3 48.
Rh4+ Kg6 49. Rg4+ Kh5 50. Rxg3 Kh4 51. Rg1 Re5 52. Rf1 1-0

[Event "AUTO-INT-970"]
[Site "http://www.queenalice.com/game.php?id=434720"]
[Date "2008.7.17"]
[Round "1"]
[White "johnny"]
[Black "akenathon"]
[Result "0-1"]
[WhiteElo "1261"]
[BlackElo "1364"]

1. e4 e6 2. Nc3 f5 3. d3 c6 4. Nf3 fxe4 5. Bg5 Be7 6. Nxe4 Bxg5 7. Nfxg5 d5 8.
Nf3 dxe4 9. dxe4 Nf6 10. Bd3 Qa5+ 11. Qd2 Qb6 12. b3 Ng4 13. O-O Na6 14. h3 Nf6
15. e5 Nd5 16. c4 Nab4 17. Ne1 Nxd3 18. Nxd3 Rf8 19. c5 Qa6 20. a3 b6 21. cxb6
Qxb6 22. b4 Ba6 23. Rac1 Rd8 0-1

[Event "AUTO-INT-970"]
[Site "http://www.queenalice.com/game.php?id=434721"]
[Date "2008.7.17"]
[Round "1"]
[White "akenathon"]
[Black "johnny"]
[Result "0-1"]
[WhiteElo "1396"]
[BlackElo "1337"]

1. e3 Nf6 2. d4 d5 3. f4 e6 4. b3 Ne4 5. Nd2 Bb4 6. a3 Bc3 7. Bb5+ c6 8. Ba4
Qh4+ 9. g3 Nxg3 10. Nf3 Qh3 11. Ng1 Qf1# 0-1

[Event "AUTO-INT-970"]
[Site "http://www.queenalice.com/game.php?id=434734"]
[Date "2008.7.17"]
[Round "1"]
[White "akenathon"]
[Black "mg23campos"]
[Result "0-1"]
[WhiteElo "1366"]
[BlackElo "1766"]

1. e3 e5 2. d4 e4 3. f3 Nf6 4. Nc3 Nc6 5. fxe4 d6 6. e5 Ng4 7. g3 d5 8. Bh3 h5
9. e4 Nxd4 10. Qxd4 c5 11. Qd2 Nxe5 12. Qxd5 Bd6 13. Nb5 Qa5+ 14. Nc3 Bxh3 15.
Nxh3 Rd8 16. Bf4 f6 17. Rd1 Qb6 18. b3 Qb4 19. Bd2 Nf3+ 20. Ke2 Nd4+ 21. Ke3
Bf4+ 22. gxf4 Rxd5 23. Nxd5 Nxc2+ 24. Kd3 Qd4+ 25. Kxc2 Qxe4+ 26. Kc1 Qxd5 27.
Bc3 Qf3 28. Rhe1+ Kf7 29. Rd7+ Kg6 30. Ba1 Qxh3 31. Rd6 Qxh2 32. Red1 Qxf4+ 33.
R6d2 c4 34. bxc4 Rc8 35. Kb1 Rxc4 36. Rd4 Qf5+ 37. Kb2 Qb5+ 38. Ka3 Qb4# 0-1

[Event "AUTO-INT-970"]
[Site "http://www.queenalice.com/game.php?id=434735"]
[Date "2008.7.17"]
[Round "1"]
[White "mg23campos"]
[Black "akenathon"]
[Result "1-0"]
[WhiteElo "1666"]
[BlackElo "1378"]

1. e4 e6 2. g3 g6 3. Nf3 f5 4. exf5 exf5 5. Ne5 d6 6. Qe2 Bg7 7. Nc6+ Qe7 8.
Nxe7 Nxe7 9. d4 b6 10. Bg5 Nc6 11. Bg2 O-O 12. Bxe7 Bd7 13. Bxf8 Kxf8 14. O-O
Nxd4 15. Qd3 Re8 16. Nc3 g5 17. Nd5 Ne2+ 18. Kh1 c6 19. Nc7 Re5 20. Qxd6+ Re7
21. Rfe1 Be5 22. Qh6+ Rg7 23. Rxe2 Bxc7 24. Rae1 Kf7 25. Re7+ Kg8 26. Qxg7# 1-0

[Event "AUTO-INT-970"]
[Site "http://www.queenalice.com/game.php?id=434736"]
[Date "2008.7.17"]
[Round "1"]
[White "akenathon"]
[Black "Matrix"]
[Result "0-1"]
[WhiteElo "1374"]
[BlackElo "1582"]

1. e3 d5 2. d3 e5 3. f4 Bd6 4. c4 Be6 5. cxd5 Bxd5 6. d4 e4 7. Qg4 Nf6 8. Qxg7
Kd7 9. Nc3 Rg8 10. Qh6 Nc6 11. Nxd5 Nxd5 12. Qxh7 Nce7 13. g3 Nf6 14. Bh3+ Ke8
15. Qh6 Ned5 16. Bd2 Bb4 17. a3 Bxd2+ 18. Kxd2 c6 19. Bf5 Qa5+ 20. b4 Nxb4 21.
Qxf6 Nd5+ 22. Ke2 Nxf6 23. h3 Qxf5 24. g4 Qb5+ 25. Kd2 Qd3+ 26. Kc1 Qxe3+ 27.
Kb1 Qxd4 28. g5 Nh5 29. Ka2 Rd8 30. Kb1 Qd1+ 31. Kb2 Rd2+ 32. Kc3 Rc2+ 33. Kb3
Qd3+ 34. Kb4 Rc4+ 35. Ka5 Qd5# 0-1

[Event "AUTO-INT-970"]
[Site "http://www.queenalice.com/game.php?id=434737"]
[Date "2008.7.17"]
[Round "1"]
[White "Matrix"]
[Black "akenathon"]
[Result "1/2-1/2"]
[WhiteElo "1586"]
[BlackElo "1376"]

1. e4 e6 2. Nc3 f5 3. d3 c6 4. a3 d5 5. Nf3 dxe4 6. dxe4 fxe4 7. Nxe4 g6 8. Bd3
Nf6 9. Be3 Nxe4 10. Bxe4 Qa5+ 11. Bd2 Qa4 12. O-O Qxe4 13. Re1 Qg4 14. h3 Qc4
15. Ba5 Qd5 16. Re5 Qxd1+ 17. Rxd1 b6 18. Bc3 h5 19. Rg5 Rh7 20. Rxg6 Nd7 21.
Ng5 Rh6 22. Rg8 Nf6 23. Rxf8+ Kxf8 24. Rd8+ Ke7 25. Rd3 Nd5 26. Be5 h4 27. c4
Rh5 28. Nf3 Ba6 29. b3 Nf4 30. Bxf4 Rd8 31. Re3 b5 32. Bg5+ Rxg5 33. Nxg5 Rd6
34. c5 Rd1+ 35. Kh2 b4 36. axb4 Kf6 37. f4 Rd4 38. Rxe6+ Kf5 39. Rxc6 Bb5 40.
Ne6 Rxb4 41. Ng7+ Kxf4 42. Rf6+ Ke5 43. Rh6 Kd5 44. Rh5+ Kc6 45. g3 hxg3+ 46.
Kxg3 Rxb3+ 47. Kf4 a5 48. Ne6 a4 49. Nd4+ Kc7 50. Nxb3 axb3 51. Rd5 Kc6 52. Rd2
Kxc5 53. h4 Kc4 54. h5 Kc3 55. Rf2 Bd3 56. h6 Bc2 57. Kg5 b2 58. Rxc2+ Kxc2 59.
h7 1/2-1/2

[Event "Challenge"]
[Site "http://www.queenalice.com/game.php?id=450580"]
[Date "2008.8.19"]
[Round "-"]
[White "kuspirov"]
[Black "akenathon"]
[Result "0-1"]
[WhiteElo "1334"]
[BlackElo "1418"]

1. d4 d6 2. e4 e5 3. dxe5 dxe5 4. Qxd8+ Kxd8 5. Nf3 Nc6 6. Bd2 Be7 7. Nc3 Nd4 8.
Nxd4 exd4 9. Nd5 Bd6 10. Bc4 Nf6 11. Nxf6 gxf6 12. O-O-O Ke7 13. f4 Rg8 14. g3
Bg4 15. Rde1 Rae8 16. h3 Be6 17. Bd5 c6 18. Bxe6 fxe6 19. g4 Ref8 20. f5 Rg5 21.
Bxg5 fxg5 22. Rhf1 e5 23. f6+ Rxf6 24. Rxf6 Kxf6 25. Rf1+ Kg6 26. Kd2 c5 27. c4
a6 28. b3 b5 29. cxb5 axb5 30. Kd3 h5 31. a3 hxg4 32. hxg4 c4+ 33. bxc4 bxc4+
34. Kxc4 Bxa3 35. Rf5 Bd6 0-1

[Event "Challenge"]
[Site "http://www.queenalice.com/game.php?id=456273"]
[Date "2008.8.31"]
[Round "-"]
[White "Mars"]
[Black "akenathon"]
[Result "1-0"]
[WhiteElo "1447"]
[BlackElo "1431"]

1. d4 Nc6 2. Nf3 d6 3. e4 e6 4. Nc3 f5 5. exf5 exf5 6. Bg5 Nf6 7. Bb5 f4 8.
Bxc6+ bxc6 9. Qe2+ Be7 10. O-O h6 11. Bxf4 a5 12. Rfe1 g5 13. Bd2 1-0

[Event "Challenge"]
[Site "http://www.queenalice.com/game.php?id=557826"]
[Date "2009.3.18"]
[Round "-"]
[White "Philomais"]
[Black "akenathon"]
[Result "1-0"]
[WhiteElo "1392"]
[BlackElo "1398"]

1. e4 e5 2. Nf3 Qf6 3. d4 Nc6 4. c3 d6 5. d5 Nce7 6. h4 h6 7. Qa4+ c6 8. Nbd2
Bd7 9. Qa3 cxd5 10. exd5 Nxd5 11. Qb3 Nge7 12. Qxb7 Bc6 13. Qa6 Nc7 14. Qe2 g5
15. Ne4 Qf5 16. Nxd6+ Kd7 17. Nxf5 1-0

[Event "Challenge"]
[Site "http://www.queenalice.com/game.php?id=557827"]
[Date "2009.3.18"]
[Round "-"]
[White "akenathon"]
[Black "Philomais"]
[Result "0-1"]
[WhiteElo "1416"]
[BlackElo "1374"]

1. d4 d5 2. b3 Nc6 3. c4 dxc4 4. e3 cxb3 5. axb3 g6 6. Bb2 Bf5 7. d5 Nb4 8. Bxh8
f6 9. Kd2 Qxd5+ 10. Kc1 Qc5+ 11. Bc4 b5 12. Qd4 Qxd4 13. exd4 bxc4 14. bxc4 Nh6
15. Ra4 Nd3+ 16. Kd2 Nxf2 0-1

[Event "Challenge"]
[Site "http://www.queenalice.com/game.php?id=598775"]
[Date "2009.6.5"]
[Round "-"]
[White "akenathon"]
[Black "Philomais"]
[Result "0-1"]
[WhiteElo "1382"]
[BlackElo "1529"]

1. e3 e5 2. d4 Nc6 3. c3 d5 4. f3 f6 5. b4 exd4 6. exd4 Nge7 7. g4 Ng6 8. h4 f5
9. Bd3 fxg4 10. fxg4 Nf4 11. Bxf4 Qe7+ 12. Ne2 Bxg4 13. Rh2 h6 14. Bg6+ Kd7 15.
b5 Na5 16. Nd2 Qe6 17. Qc2 Be7 18. Kd1 Bxh4 19. Bh5 Rhf8 20. Rxh4 Qxe2+ 21. Kc1
Qe1+ 22. Kb2 Qxh4 23. Bxg4+ Qxg4 24. Be3 Nc4+ 25. Nxc4 dxc4 26. Rg1 Qf3 27.
Rxg7+ Kd8 28. Bxh6 a6 29. Bg5+ Kc8 30. Qa4 Qe2+ 31. Ka3 Qe8 32. Qxc4 axb5+ 33.
Kb4 bxc4 34. Kc5 Ra5+ 35. Kb4 Qb5# 0-1

[Event "PhilomaisXAkenaton"]
[Site "http://www.queenalice.com/game.php?id=708952"]
[Date "2010.1.5"]
[Round "-"]
[White "Philomais"]
[Black "akenathon"]
[Result "1-0"]
[WhiteElo "1563"]
[BlackElo "1396"]

1. e4 e5 2. f3 c6 3. c3 d5 4. d4 Ne7 5. dxe5 dxe4 6. fxe4 Nd7 7. Nf3 f6 8. exf6
gxf6 9. Nd4 Nb6 10. Bf4 c5 11. Nb5 f5 12. Nd6+ Kd7 13. Nxc8+ Kxc8 14. exf5 Nxf5
15. g4 Bh6 16. Be5 Re8 17. Qe2 Qd5 18. Bg2 Qxe5 19. Qxe5 Rxe5+ 20. Kd1 Ne3+ 21.
Ke2 Nxg2+ 22. Kf3 Ne3 23. Re1 Kc7 24. Nd2 Nc2 25. Rxe5 Nxa1 26. Ne4 Nc4 27.
Rxc5+ Kb6 28. Rxc4 Nc2 29. Nf6 Rf8 30. g5 Rf7 31. Kf4 Rc7 32. Rxc7 Kxc7 33. gxh6
b5 34. Nxh7 a5 35. Nf6 b4 36. cxb4 Nxb4 37. a3 Nd3+ 38. Ke4 Nxb2 39. h7 a4 40.
h8=Q Kb7 41. Qh7+ Kc6 42. Kd4 Kb6 43. Nd5+ Kc6 44. Qc7+ Kb5 45. Qb6# 1-0

[Event "AkenathonXPhilomais"]
[Site "http://www.queenalice.com/game.php?id=708966"]
[Date "2010.1.5"]
[Round "-"]
[White "akenathon"]
[Black "Philomais"]
[Result "1-0"]
[WhiteElo "1372"]
[BlackElo "1566"]

1. e4 e5 2. c3 f6 3. d4 exd4 4. cxd4 Bb4+ 5. Nd2 Ne7 6. a3 Ba5 7. Qh5+ g6 8.
Qxa5 b6 9. Qc3 f5 10. d5 Rf8 11. Nb3 fxe4 12. d6 cxd6 13. Bh6 Rf6 14. Qxf6 Nf5
15. Qf8# 1-0

[Event "Challenge"]
[Site "http://www.queenalice.com/game.php?id=743455"]
[Date "2010.3.9"]
[Round "-"]
[White "akenathon"]
[Black "Philomais"]
[Result "0-1"]
[WhiteElo "1387"]
[BlackElo "1572"]

1. e4 e5 2. c3 c6 3. g3 d5 4. d3 d4 5. f4 exf4 6. gxf4 Qh4+ 7. Ke2 Bg4+ 8. Nf3
Qh5 9. h3 Bxf3+ 10. Ke1 Bxd1 11. cxd4 Bf3 12. Be2 Bxe2 13. Rh2 Bxd3 0-1

[Event "Challenge"]
[Site "http://www.queenalice.com/game.php?id=743456"]
[Date "2010.3.9"]
[Round "-"]
[White "Philomais"]
[Black "akenathon"]
[Result "1-0"]
[WhiteElo "1611"]
[BlackElo "1378"]

1. e4 e5 2. c3 g6 3. f3 f5 4. exf5 gxf5 5. g3 d6 6. f4 exf4 7. gxf4 Qh4+ 8. Ke2
Qxf4 9. d3 Qe5+ 10. Kd2 Bh6+ 11. Kc2 Qd5 12. Bxh6 Nxh6 13. Nf3 f4 14. Qe1+ Be6
15. Nd4 Kd7 16. Nxe6 Re8 17. Rg1 Rxe6 18. Rg7+ Kc6 19. Qf2 Nd7 20. Bh3 Qe5 21.
Bxe6 Qxg7 22. Qf3+ Kb6 23. Qxf4 Qg2+ 24. Nd2 Qg7 25. Qb4+ Kc6 26. Qa4+ b5 27.
Qe4+ d5 28. Qxd5+ Kb6 29. Qxa8 Nc5 30. Bc8 b4 31. Qb8+ Kc6 32. cxb4 Na4 33. Qb7+
Kd6 34. Qxa7 Nxb2 35. d4 Qg8 36. Qc5# 1-0